The voyages of Cadamosto and other documents on Western Africa in the second half of the fifteenth century. Translated and edited by G. R. Crone
Salvato in:
| Autore principale: | |
|---|---|
| Natura: | Libro |
| Lingua: | inglese |
| Pubblicazione: |
Londres
Hakluyt Society
1937
|
| Edizione: | 1a. ed |
| Serie: | Hakluyt Society, Second series, 80
|
| Soggetti: | |
| Tags: |
Aggiungi Tag
Nessun Tag, puoi essere il primo ad aggiungerne!!
|
MARC
| LEADER | 00000nam a2200000 a 4500 | ||
|---|---|---|---|
| 001 | UCJ5746 | ||
| 003 | CL-VaPUC | ||
| 008 | 070124e19370000UK |||||||||||||||||eng|d | ||
| 082 | 0 | 4 | |a 910.4 |b CAD |2 21 |
| 100 | 0 | |a Cadamosto, Alvise |e author |9 511412 | |
| 245 | 1 | 4 | |a The voyages of Cadamosto and other documents on Western Africa in the second half of the fifteenth century. Translated and edited by G. R. Crone |
| 250 | |a 1a. ed | ||
| 300 | |a xlv, 154 p | ||
| 942 | |c BK | ||
| 945 | |d 20070124 00:00:00 |a rinostro | ||
| 260 | |a Londres |b Hakluyt Society |c 1937 | ||
| 500 | |a Front., facsímil de parte de una carta de la época; dos mapas, según índice | ||
| 600 | 0 | 7 | |a SINTRA, PEDRO DE |2 CL-VaPUC |9 511413 |
| 600 | 0 | 7 | |a MALFANTE, ANTONIO |2 CL-VaPUC |9 511414 |
| 600 | 0 | 7 | |a BARROS, JUAN DE |2 CL-VaPUC |9 511415 |
| 600 | 0 | 7 | |a MINA, JORGE DA |2 CL-VaPUC |9 511416 |
| 600 | 0 | 7 | |a LOPEZ, SEBASTIAN |2 CL-VaPUC |9 511417 |
| 600 | 0 | 7 | |a BENINCASA, GRAZIOSO |2 CL-VaPUC |9 511418 |
| 600 | 0 | 7 | |a GOMEZ, DIEGO |2 CL-VaPUC |9 511419 |
| 650 | 0 | |a Viajes |9 257115 | |
| 650 | 0 | |a Descubrimientos geográficos |9 331933 | |
| 650 | 0 | |a Aborígenes |9 329972 | |
| 650 | 0 | |a Cultura |9 269059 | |
| 650 | 0 | |a Recursos naturales |9 255232 | |
| 650 | 0 | |a Comercio |9 255341 | |
| 650 | 0 | |a Mapas |9 260844 | |
| 651 | 0 | |a África |9 256790 | |
| 583 | |a last modification |c 20070124 00:00:00 |k Rodrigo Vera | ||
| 490 | 0 | |a Hakluyt Society, Second series, 80 | |
| 999 | |c 321855 |d 321853 | ||
| 952 | |0 0 |1 0 |4 0 |6 910_400000000000000_CAD_1937 |7 0 |8 X |9 400721 |a FDOBUD |b FDOBUD |d 2019-11-22 |i 1039032 |o 910.4 CAD 1937 |p 1039032 |r 2019-11-22 |w 2019-11-22 |y BK_X |k BUD | ||